Atma-Nirbhar Bharat: (Record no. 204032)

MARC details
000 -LEADER
fixed length control field 00576nam a22001817a 4500
005 - DATE AND TIME OF LATEST TRANSACTION
control field 20240708163133.0
010 ## - LCCN (DPL NO)
LC control number ENG-140839
020 ## - INTERNATIONAL STANDARD BOOK NUMBER
International Standard Book Number 9789390366910
Terms of availability 900.00
035 ## - SYSTEM CONTROL NUMBER
System control number EN-124371
037 ## - SOURCE OF ACQUISITION
Source of stock number/acquisition DBAD
082 ## - DEWEY DECIMAL CLASSIFICATION NUMBER
Edition number 1
245 ## - TITLE STATEMENT
Title Atma-Nirbhar Bharat:
Remainder of title Towards a Self Reliant India/
Statement of responsibility, etc Edited By Sunil Vashisht
260 ## - PUBLICATION, DISTRIBUTION, ETC. (IMPRINT)
Place of publication, distribution, etc New Delhi
Name of publisher, distributor, etc Prabhat Prakashan
Date of publication, distribution, etc 2021
270 ## - ADDRESS
Address 4/19 Asaf Ali Road
City New Delhi
Postal code 110002
Electronic mail address prabhatbooks@gmail.com
300 ## - PHYSICAL DESCRIPTION
Extent 446p.
Dimensions 25cm(hbk)
700 ## - ADDED ENTRY--PERSONAL NAME
Personal name Vashisht, Sunil
Relator term Editor
9 (RLIN) 68253
942 ## - ADDED ENTRY ELEMENTS (KOHA)
Source of classification or shelving scheme Dewey Decimal Classification
Item type English Books
Classification part 954
Call number suffix ATM
Holdings
Withdrawn status Lost status Not for loan Collection code Home library Current library Date acquired Source of acquisition Cost, normal purchase price Full call number Barcode Copy number Cost, replacement price Koha item type
      Non-fiction New Police Line New Police Line 08/07/2024 DBAD 900.00 954 ATM EN-124371 1 900.00 English Books

© Delhi Public Library
Hit Counter
free hit counter